00624nam a2200193Ia 4500008004100000020001400041082001500055100002600070245002800096250000700124260003600131300002400167500001900191600002100210650005000231942000700281952012700288999001500415240925s9999 xx 000 0 und d a132004119 a005.73 TEN aTenenbaum ,Aaron M. 0aData Structures Using C aNA aLondon:bPrentice, Hallc,1990. a441p.bNAfOriginal aIncludes Index aComputer Science aComputer science, information & general works cBK 001040708CSaUITUbUITUd1997-01-23ePrince Book Depog75.00l0o005.73 TENpQ0905r2024-09-25 07:12:15w2024-09-25yBK c3404d3404